[Event "FICGS W-ch final email"]
[Site "FICGS email"]
[Date "2022.11.05"]
[Round "1"]
[White "B Oliveira, Marcio"]
[Black "Dineen, Thomas"]
[Result "1-0"]
[WhiteElo "2321"]
[BlackElo "2218"]
[PlyCount "81"]
[EventDate "2022.??.??"]
[EventType "tourn (corr)"]
[EventRounds "6"]
[EventCategory "5"]
[SourceTitle "Corr 2024"]
[Source "ChessBase"]
[SourceDate "2023.10.19"]
[SourceVersion "1"]
[SourceVersionDate "2023.10.19"]
[SourceQuality "1"]

1. d4 Nf6 2. c4 e6 3. Nf3 d5 4. Nc3 c6 5. Bg5 h6 6. Bh4 dxc4 7. e4 g5 8. Bg3 b5 9. Ne5 Bb7 10. h4 g4 11. Nxg4 Nxg4 12. Qxg4 Qxd4 13. Rd1 Qf6 14. a4 h5 15. Qg5 Qxg5 16. hxg5 a6 17. Be5 Rg8 18. Bf6 Nd7 19. e5 Nxf6 20. gxf6 Bb4 21. Rxh5 c5 22. Ke2 Bxc3 23. bxc3 Bd5 24. Ke3 0-0-0 25. Rh7 Rdf8 26. g4 Rh8 27. Rxh8 Rxh8 28. g5 Kc7 29. axb5 axb5 30. Be2 b4 31. Bg4 bxc3 32. Rc1 Rh2 33. Rxc3 Kc6 34. Rc2 Rh7 35. Kf4 Kd7 36. f3 Ke8 37. Rb2 c3 38. Rc2 c4 39. Rxc3 Rh2 40. Ra3 Rb2 41. Bh5 1-0

[Event "FICGS W-ch final email"]
[Site "FICGS email"]
[Date "2022.11.05"]
[Round "1"]
[White "Dineen, Thomas"]
[Black "Fric, Lubos"]
[Result "1/2-1/2"]
[WhiteElo "2218"]
[BlackElo "2327"]
[PlyCount "85"]
[EventDate "2022.??.??"]
[EventType "tourn (corr)"]
[EventRounds "6"]
[EventCategory "5"]
[SourceTitle "Corr 2024"]
[Source "ChessBase"]
[SourceDate "2023.10.19"]
[SourceVersion "1"]
[SourceVersionDate "2023.10.19"]
[SourceQuality "1"]

1. d4 Nf6 2. c4 e6 3. Nf3 d5 4. Nc3 c6 5. Bg5 h6 6. Bxf6 Qxf6 7. e3 Nd7 8. Bd3 dxc4 9. Bxc4 g6 10. 0-0 Bg7 11. Qc2 Qe7 12. Ne4 0-0 13. Bb3 e5 14. Ng3 Kh8 15. Rad1 Re8 16. dxe5 Nxe5 17. Nxe5 Bxe5 18. f4 Bg7 19. e4 Bg4 20. Rde1 Bd4+ 21. Kh1 Rad8 22. Qc1 Kg7 23. f5 Qg5 24. fxg6 fxg6 25. Rf7+ Kh8 26. Qxg5 hxg5 27. Rxb7 Be6 28. Bxe6 Rxe6 29. Rf1 g4 30. b4 a6 31. Rbf7 Be5 32. a3 Rd2 33. Ra7 Rf6 34. Re1 Rfd6 35. Re7 Rd1 36. Rg1 Bb2 37. e5 R6d2 38. e6 Bd4 39. Rf1 Rxf1+ 40. Nxf1 Rf2 41. Ng3 Kg8 42. Re8+ Rf8 43. Re7 1/2-1/2

[Event "FICGS W-ch st1 g08 email"]
[Site "FICGS email"]
[Date "2022.11.02"]
[Round "2"]
[White "Brand Lyard, Paul"]
[Black "Dineen, Thomas"]
[Result "0-1"]
[WhiteElo "1400"]
[BlackElo "2218"]
[PlyCount "40"]
[EventDate "2022.??.??"]
[EventType "tourn (corr)"]
[EventRounds "6"]
[SourceTitle "Corr 2024"]
[Source "ChessBase"]
[SourceDate "2023.10.19"]
[SourceVersion "1"]
[SourceVersionDate "2023.10.19"]
[SourceQuality "1"]

1. e4 e6 2. d3 d5 3. e5 c5 4. c3 Nc6 5. f4 Nh6 6. h3 Qh4+ 7. Kd2 Qxf4+ 8. Kc2 Qxe5 9. Nf3 Qg3 10. Qe2 Nf5 11. Nbd2 c4 12. d4 Qg6 13. Kb1 Ng3+ 14. Ne4 Nxe2 15. b4 Qxe4+ 16. Kb2 Nxb4 17. cxb4 Bxb4 18. Bxe2 Qxe2+ 19. Nd2 Qd3 20. Nb3 c3# 0-1

[Event "FICGS W-ch st1 g08 email"]
[Site "FICGS email"]
[Date "2022.11.02"]
[Round "2"]
[White "Dineen, Thomas"]
[Black "Maron, Paul"]
[Result "1-0"]
[WhiteElo "2218"]
[BlackElo "1975"]
[PlyCount "123"]
[EventDate "2022.??.??"]
[EventType "tourn (corr)"]
[EventRounds "6"]
[SourceTitle "Corr 2024"]
[Source "ChessBase"]
[SourceDate "2023.10.19"]
[SourceVersion "1"]
[SourceVersionDate "2023.10.19"]
[SourceQuality "1"]

1. d4 Nf6 2. c4 e6 3. Nf3 d5 4. Nc3 c5 5. cxd5 Nxd5 6. e4 Nxc3 7. bxc3 cxd4 8. cxd4 Bb4+ 9. Bd2 Bxd2+ 10. Qxd2 0-0 11. Rc1 b6 12. Bd3 Bb7 13. 0-0 Nd7 14. Qe3 Nf6 15. Ne5 Rc8 16. Rxc8 Qxc8 17. Rc1 Qb8 18. f3 Rc8 19. g3 Ne8 20. Kg2 f6 21. Bc4 Qd6 22. Nd3 Kh8 23. h4 e5 24. dxe5 fxe5 25. Nf2 Nf6 26. Rd1 Qe7 27. Qd3 h6 28. Bb3 Kh7 29. g4 Rc7 30. Qd6 Qxd6 31. Rxd6 Rc6 32. Rd3 Rc7 33. Kg3 Ba6 34. Rd8 Bb5 35. Rf8 Re7 36. Rc8 Ne8 37. Nd1 Nd6 38. Rd8 Nf7 39. Ra8 g6 40. Ne3 Bc6 41. Rc8 Bb7 42. Rc1 Nd6 43. h5 Ne8 44. hxg6+ Kxg6 45. Rh1 Nf6 46. Rxh6+ Kxh6 47. Nf5+ Kg5 48. Nxe7 a5 49. Bc4 Ne8 50. Bd5 Bxd5 51. exd5 Nf6 52. d6 Nd7 53. Nd5 b5 54. Nc3 b4 55. Ne4+ Kg6 56. Kf2 a4 57. Ke3 b3 58. axb3 a3 59. Nc3 Kf6 60. Kd3 Ke6 61. Kc2 Kxd6 62. b4 1-0

[Event "FICGS W-ch st1 g08 email"]
[Site "FICGS email"]
[Date "2022.11.02"]
[Round "1"]
[White "Maron, Paul"]
[Black "Dineen, Thomas"]
[Result "0-1"]
[WhiteElo "1975"]
[BlackElo "2218"]
[PlyCount "106"]
[EventDate "2022.??.??"]
[EventType "tourn (corr)"]
[EventRounds "6"]
[SourceTitle "Corr 2024"]
[Source "ChessBase"]
[SourceDate "2023.10.19"]
[SourceVersion "1"]
[SourceVersionDate "2023.10.19"]
[SourceQuality "1"]

1. d4 Nf6 2. Nf3 d5 3. e3 c5 4. c3 e6 5. Bd3 Nc6 6. Nbd2 Bd6 7. 0-0 0-0 8. dxc5 Bxc5 9. e4 Qc7 10. Qe2 h6 11. Bc2 Bb6 12. Kh1 Bd7 13. h3 Nh5 14. Nb3 dxe4 15. Qxe4 f5 16. Qe2 Rae8 17. a4 a5 18. Rd1 e5 19. Nc5 Bxc5 20. Qc4+ Be6 21. Qxc5 Nf6 22. Kg1 Rd8 23. Be3 Nd5 24. Bb3 Qf7 25. Qb5 Rfe8 26. Bc5 Kh7 27. Bc4 e4 28. Nd4 Nxd4 29. Bxd4 Nf4 30. Bf1 Rd5 31. Bc5 Qg6 32. Kh2 Nd3 33. Bxd3 exd3 34. Rxd3 b6 35. Rg3 Qf7 36. Qxb6 f4 37. Rf3 Rg5 38. c4 Bxc4 39. Rg1 Bd5 40. Rc3 Re2 41. Qb5 Rd2 42. Qf1 Qg6 43. Rc1 Rxb2 44. Be7 Rh5 45. Rc3 Be4 46. Qe1 Rb1 47. Rc1 Qf5 48. Qc3 Rxc1 49. Rxc1 f3 50. Re1 Qg4 51. Rg1 fxg2 52. Qg3 Qd7 53. Bf8 Qf7 0-1

[Event "FICGS W-ch st2 g01 email"]
[Site "FICGS email"]
[Date "2022.03.05"]
[Round "1"]
[White "Dineen, Thomas"]
[Black "Moreira, Jose"]
[Result "1/2-1/2"]
[WhiteElo "2128"]
[BlackElo "2274"]
[PlyCount "91"]
[EventDate "2022.??.??"]
[EventType "tourn (corr)"]
[EventRounds "6"]
[SourceTitle "Corr 2024"]
[Source "ChessBase"]
[SourceDate "2023.10.19"]
[SourceVersion "1"]
[SourceVersionDate "2023.10.19"]
[SourceQuality "1"]

1. d4 Nf6 2. c4 e6 3. Nf3 d5 4. g3 Bb4+ 5. Bd2 Be7 6. Bg2 0-0 7. 0-0 c6 8. Qc2 Nbd7 9. Rd1 b6 10. Bf4 Ba6 11. cxd5 cxd5 12. Ne5 Rc8 13. Nc6 Nh5 14. Be3 Nb8 15. Nxe7+ Qxe7 16. Nc3 h6 17. Rac1 Nc6 18. f3 Nf6 19. Bf2 Rfd8 20. Qd2 Ne8 21. g4 Nd6 22. b3 Qg5 23. Be3 Qe7 24. Bf4 f6 25. Bg3 Nf7 26. h3 h5 27. gxh5 Nh6 28. f4 Nf5 29. Bf2 Kh7 30. Bf3 Rc7 31. Kh2 Qd7 32. a3 Nce7 33. e3 Rdc8 34. Ne2 Bxe2 35. Bxe2 Nd6 36. Rxc7 Rxc7 37. Bd3+ Ne4 38. Rc1 Kh6 39. Rxc7 Qxc7 40. Qe2 Qc1 41. Kg2 Qc3 42. Bc2 Nf5 43. Bxe4 dxe4 44. Qg4 Kh7 45. Qg6+ Kh8 46. Qe8+ 1/2-1/2

[Event "FICGS W-ch st2 g01 email"]
[Site "FICGS email"]
[Date "2022.03.05"]
[Round "1"]
[White "Dineen, Thomas"]
[Black "Schroeder, Christoph"]
[Result "1/2-1/2"]
[WhiteElo "2128"]
[BlackElo "2247"]
[PlyCount "108"]
[EventDate "2022.??.??"]
[EventType "tourn (corr)"]
[EventRounds "6"]
[SourceTitle "Corr 2024"]
[Source "ChessBase"]
[SourceDate "2023.10.19"]
[SourceVersion "1"]
[SourceVersionDate "2023.10.19"]
[SourceQuality "1"]

1. Nf3 d5 2. g3 Nf6 3. Bg2 e6 4. 0-0 Be7 5. c4 0-0 6. d4 dxc4 7. Qc2 a6 8. a4 Bd7 9. Qxc4 Bc6 10. Bg5 Bd5 11. Qc2 Be4 12. Qc1 h6 13. Bxf6 Bxf6 14. Rd1 a5 15. Nbd2 Bh7 16. Nb3 c6 17. Qc3 Qc7 18. Ne5 Be7 19. Nc5 Na6 20. Nxb7 Qxb7 21. Bxc6 Qa7 22. Bxa8 Bb4 23. Qc6 Qxa8 24. f3 Be7 25. Qxa8 Rxa8 26. Nc6 Bg5 27. e4 Nb8 28. Ne5 f6 29. Nc4 f5 30. e5 f4 31. d5 fxg3 32. hxg3 Bc2 33. Rd4 exd5 34. f4 Nc6 35. Rxd5 Bd8 36. Ra3 Ne7 37. Rc5 Nf5 38. Kh2 Be4 39. Nd2 Bb7 40. Rb3 Ba6 41. Nc4 g5 42. fxg5 hxg5 43. e6 Bxc4 44. Rxc4 Kg7 45. Rf3 Kg6 46. Rc5 Nd4 47. Rf8 Rb8 48. Kh3 Nxe6 49. Rc6 Rb6 50. Rxe6+ Rxe6 51. Rxd8 Re4 52. b3 Rb4 53. Ra8 Rxb3 54. Rxa5 Rb4 1/2-1/2

[Event "FICGS rapid A 000270 email"]
[Site "FICGS email"]
[Date "2021.06.03"]
[Round "1"]
[White "Dineen, Thomas"]
[Black "Johnson, Steven"]
[Result "1/2-1/2"]
[WhiteElo "2094"]
[BlackElo "1967"]
[PlyCount "61"]
[EventDate "2021.??.??"]
[EventType "tourn (rapid)"]
[EventRounds "6"]
[SourceTitle "Corr 2022"]
[Source "ChessBase"]
[SourceDate "2021.10.24"]
[SourceVersion "1"]
[SourceVersionDate "2021.10.24"]
[SourceQuality "1"]

1. c4 g6 2. d4 Nf6 3. Nc3 d5 4. cxd5 Nxd5 5. e4 Nxc3 6. bxc3 Bg7 7. Nf3 c5 8. Rb1 0-0 9. Be2 Nc6 10. d5 Ne5 11. Nxe5 Bxe5 12. Qd2 e6 13. f4 Bc7 14. 0-0 exd5 15. exd5 Ba5 16. d6 Rb8 17. Ba3 Bf5 18. Rbd1 Qf6 19. Bxc5 Bxc3 20. Qd5 b6 21. Bd4 Bxd4+ 22. Qxd4 Kg7 23. Qxf6+ Kxf6 24. g4 Bd7 25. f5 g5 26. Rf3 Rbc8 27. Rd2 Rc1+ 28. Kf2 Rfc8 29. Re3 R8c2 30. Rxc2 Rxc2 31. Re7 1/2-1/2

[Event "FICGS rapid A 000270 email"]
[Site "FICGS email"]
[Date "2021.06.03"]
[Round "1"]
[White "Laduke, Matt"]
[Black "Dineen, Thomas"]
[Result "1-0"]
[WhiteElo "1900"]
[BlackElo "2094"]
[PlyCount "89"]
[EventDate "2021.??.??"]
[EventType "tourn (rapid)"]
[EventRounds "6"]
[SourceTitle "Corr 2022"]
[Source "ChessBase"]
[SourceDate "2021.10.24"]
[SourceVersion "1"]
[SourceVersionDate "2021.10.24"]
[SourceQuality "1"]

1. e4 e6 2. d4 d5 3. Nd2 c5 4. Ngf3 cxd4 5. Nxd4 Nc6 6. Bb5 Bd7 7. Nxc6 bxc6 8. Bd3 Qc7 9. Qe2 Ne7 10. Nf3 Ng6 11. 0-0 Be7 12. c4 dxe4 13. Bxe4 f5 14. Bc2 0-0 15. c5 Bxc5 16. Rd1 Kh8 17. h4 Ne7 18. h5 Nd5 19. h6 Kg8 20. Bb3 gxh6 21. Bxh6 Rf6 22. Bg5 Rg6 23. Rac1 Qd6 24. Rc4 Bb6 25. Qd2 e5 26. Rc3 Kh8 27. Rd3 Be6 28. Nh4 Rag8 29. Nxg6+ Rxg6 30. Be3 Kg7 31. Bxb6 axb6 32. Rg3 Rxg3 33. fxg3 Kg6 34. Qc2 Kh5 35. a4 Kg5 36. Qc1+ Kh5 37. Ba2 Kg6 38. b4 e4 39. Qc3 Kf7 40. Bxd5 Bxd5 41. a5 bxa5 42. bxa5 Qb8 43. Kh2 Ke6 44. Qg7 Qa8 45. Qh6+ 1-0

[Event "FICGS W-ch st1 g05 email"]
[Site "FICGS email"]
[Date "2016.11.02"]
[Round "1"]
[White "Dineen, Thomas"]
[Black "Kopasov, Evgeny Aleksandrovi"]
[Result "1/2-1/2"]
[WhiteElo "2124"]
[BlackElo "2040"]
[PlyCount "52"]
[EventDate "2016.??.??"]
[EventType "tourn (corr)"]
[EventRounds "8"]
[SourceTitle "Corr 2022"]
[Source "ChessBase"]
[SourceDate "2021.10.24"]
[SourceVersion "1"]
[SourceVersionDate "2021.10.24"]
[SourceQuality "1"]

1. d4 d5 2. c4 dxc4 3. Nf3 Nf6 4. e3 Bg4 5. Bxc4 e6 6. Qb3 Bxf3 7. gxf3 Nbd7 8. Qxb7 c5 9. Nc3 cxd4 10. exd4 Rc8 11. Bd3 Bd6 12. Nb5 Bb8 13. Bg5 0-0 14. Ke2 Nb6 15. Rac1 Rxc1 16. Rxc1 h6 17. Bxf6 Qxf6 18. Be4 Qd8 19. Nxa7 Bxa7 20. Qxa7 Qxd4 21. b3 f5 22. Rc4 Qb2+ 23. Rc2 Qe5 24. Qxb6 fxe4 25. fxe4 Qxe4+ 26. Kd1 Qh1+ 1/2-1/2

[Event "FICGS W-ch st2 g03 email"]
[Site "FICGS email"]
[Date "2016.08.04"]
[Round "1"]
[White "Cermak, Jan"]
[Black "Dineen, Thomas"]
[Result "1-0"]
[WhiteElo "2170"]
[BlackElo "2124"]
[PlyCount "107"]
[EventDate "2016.??.??"]
[EventType "tourn (corr)"]
[EventRounds "8"]
[SourceTitle "Corr 2022"]
[Source "ChessBase"]
[SourceDate "2021.10.24"]
[SourceVersion "1"]
[SourceVersionDate "2021.10.24"]
[SourceQuality "1"]

1. e4 e6 2. d4 d5 3. Nc3 Nf6 4. Bg5 Bb4 5. e5 h6 6. Be3 Ne4 7. Qg4 g6 8. a3 Bxc3+ 9. bxc3 c5 10. Bd3 h5 11. Qf4 g5 12. Qf3 Nxc3 13. dxc5 d4 14. Bd2 Nc6 15. Bxc3 dxc3 16. Rd1 Qc7 17. Be4 Qxe5 18. Ne2 Bd7 19. Qe3 Na5 20. 0-0 Rc8 21. Qd3 0-0 22. Rfe1 Bc6 23. Nxc3 Qxc5 24. Qf3 Kg7 25. Qxh5 Rh8 26. Qg4 Rh4 27. Qg3 f6 28. Bxc6 Qxc6 29. Ne2 e5 30. Qd3 Rch8 31. h3 Nc4 32. Ng3 Kf7 33. Re4 Rxe4 34. Nxe4 Ke7 35. a4 b6 36. g4 Qc8 37. Ng3 Rd8 38. Qh7+ Ke6 39. Rd3 Nd6 40. Nf5 Nf7 41. Rf3 Qa8 42. Kg2 Rd1 43. Ne3 Rg1+ 44. Kxg1 Qxf3 45. Qg8 Qc6 46. h4 Qd7 47. h5 Qd8 48. Qg6 Qd7 49. h6 Nxh6 50. Qxh6 Qxa4 51. Qg6 Qd7 52. c4 Qe7 53. Nd5 Qf7 54. Qd3 1-0

[Event "FICGS W-ch st1 g04 email"]
[Site "FICGS email"]
[Date "2015.07.02"]
[Round "1"]
[White "Dineen, Thomas"]
[Black "Aahlad, Yeturu"]
[Result "1/2-1/2"]
[WhiteElo "2128"]
[BlackElo "1871"]
[PlyCount "60"]
[EventDate "2015.??.??"]
[EventType "tourn (corr)"]
[EventRounds "8"]
[SourceTitle "Corr 2022"]
[Source "ChessBase"]
[SourceDate "2021.10.24"]
[SourceVersion "1"]
[SourceVersionDate "2021.10.24"]
[SourceQuality "1"]

1. d4 Nf6 2. c4 e6 3. Nc3 Bb4 4. g3 d5 5. Bg2 0-0 6. Nf3 dxc4 7. 0-0 Nc6 8. a3 Be7 9. Qa4 Nxd4 10. Rd1 c5 11. Bf4 Qb6 12. Qxc4 Nxf3+ 13. Bxf3 Bd7 14. Be5 Rad8 15. Qf4 Ne8 16. Rd3 Bc6 17. Rxd8 Bxd8 18. Bxc6 Qxc6 19. Qa4 Qb6 20. Ne4 Bc7 21. Bc3 f5 22. Nd2 a6 23. Qc4 f4 24. Ne4 Rf5 25. b4 cxb4 26. axb4 Kf7 27. Ra5 Rxa5 28. bxa5 Qb5 29. Qxb5 axb5 30. Nc5 fxg3 1/2-1/2

[Event "FICGS rapid A 000178 email"]
[Site "FICGS email"]
[Date "2015.06.04"]
[Round "1"]
[White "Bartsch, Reinhard Andrea"]
[Black "Dineen, Thomas"]
[Result "1/2-1/2"]
[WhiteElo "2018"]
[BlackElo "2169"]
[PlyCount "38"]
[EventDate "2015.??.??"]
[EventType "tourn (rapid)"]
[EventRounds "6"]
[SourceTitle "Corr 2022"]
[Source "ChessBase"]
[SourceDate "2021.10.24"]
[SourceVersion "1"]
[SourceVersionDate "2021.10.24"]
[SourceQuality "1"]

1. d4 Nf6 2. c4 g6 3. Nf3 Bg7 4. Nc3 d5 5. e3 0-0 6. Be2 c5 7. dxc5 Qa5 8. cxd5 Nxd5 9. Qxd5 Bxc3+ 10. Bd2 Rd8 11. Qxd8+ Qxd8 12. Bxc3 Nd7 13. Rd1 Qc7 14. 0-0 Nxc5 15. Be5 Qb6 16. Bd4 Bf5 17. Rc1 Rc8 18. Rc4 Be6 19. Rc2 Bf5 1/2-1/2

[Event "FICGS W-ch st1 g05 email"]
[Site "FICGS email"]
[Date "2014.11.01"]
[Round "1"]
[White "Laine, Jari"]
[Black "Dineen, Thomas"]
[Result "0-1"]
[WhiteElo "1534"]
[BlackElo "2141"]
[PlyCount "42"]
[EventDate "2014.??.??"]
[EventType "tourn (corr)"]
[EventRounds "8"]
[SourceTitle "Corr 2022"]
[Source "ChessBase"]
[SourceDate "2021.10.24"]
[SourceVersion "1"]
[SourceVersionDate "2021.10.24"]
[SourceQuality "1"]

1. d4 Nf6 2. c4 g6 3. f3 Bg7 4. e4 d6 5. Nc3 0-0 6. Nge2 c5 7. d5 e6 8. Ng3 exd5 9. cxd5 a6 10. a4 Nbd7 11. Be2 h5 12. Bg5 Qa5 13. Qd2 Re8 14. 0-0 Qb4 15. h3 Qd4+ 16. Kh2 Nh7 17. Be3 Qxd2 18. Bxd2 Be5 19. f4 Bxc3 20. Bxc3 h4 21. Nh1 Rxe4 0-1

[Event "FICGS W-ch st1 g05 email"]
[Site "FICGS email"]
[Date "2014.11.01"]
[Round "1"]
[White "Van Dijk, Erik"]
[Black "Dineen, Thomas"]
[Result "0-1"]
[WhiteElo "1865"]
[BlackElo "2141"]
[PlyCount "90"]
[EventDate "2014.??.??"]
[EventType "tourn (corr)"]
[EventRounds "8"]
[SourceTitle "Corr 2022"]
[Source "ChessBase"]
[SourceDate "2021.10.24"]
[SourceVersion "1"]
[SourceVersionDate "2021.10.24"]
[SourceQuality "1"]

1. d4 Nf6 2. c4 e6 3. Nc3 Bb4 4. f3 d5 5. a3 Bxc3+ 6. bxc3 c5 7. cxd5 exd5 8. e3 c4 9. Ne2 Nc6 10. g4 0-0 11. Bg2 Na5 12. 0-0 Nb3 13. Ra2 h6 14. Ng3 Qc7 15. Qe1 Nh7 16. Re2 Re8 17. e4 dxe4 18. Nxe4 Nxc1 19. Qxc1 Bd7 20. h3 Bc6 21. Rfe1 a5 22. f4 b5 23. g5 hxg5 24. fxg5 Re6 25. Qd2 Nf8 26. Re3 Rd8 27. Qe2 Rde8 28. Qf2 Ng6 29. Nc5 Rxe3 30. Rxe3 Rxe3 31. Qxe3 Bxg2 32. Kxg2 Nh4+ 33. Kg1 Qb8 34. Ne4 b4 35. cxb4 axb4 36. axb4 Qxb4 37. Ng3 Ng6 38. Ne4 Qb5 39. Kf2 Qb2+ 40. Kg3 Qb8+ 41. Kf3 Qb7 42. Kf2 Qc7 43. Qg3 Qd7 44. Qe3 Ne7 45. Ng3 Nc6 0-1

[Event "FICGS W-ch st1 gN 01 email"]
[Site "FICGS email"]
[Date "2014.03.03"]
[Round "1"]
[White "Denisov, Timofey"]
[Black "Dineen, Thomas"]
[Result "1-0"]
[WhiteElo "2164"]
[BlackElo "2189"]
[PlyCount "147"]
[EventDate "2014.??.??"]
[EventType "tourn (corr)"]
[EventRounds "6"]
[SourceTitle "Corr 2022"]
[Source "ChessBase"]
[SourceDate "2021.10.24"]
[SourceVersion "1"]
[SourceVersionDate "2021.10.24"]
[SourceQuality "1"]

1. e4 e6 2. d4 d5 3. Nc3 Nf6 4. e5 Nfd7 5. f4 c5 6. Nf3 Nc6 7. Be3 Qb6 8. Na4 Qa5+ 9. c3 cxd4 10. b4 Nxb4 11. cxb4 Bxb4+ 12. Bd2 Bxd2+ 13. Nxd2 b6 14. Bd3 Ba6 15. Nb2 Nc5 16. Bxa6 Qxa6 17. Qe2 Qa3 18. Qb5+ Ke7 19. 0-0 Qe3+ 20. Rf2 Rhc8 21. Raf1 a6 22. Qb4 a5 23. Qb5 g6 24. Nb3 Nxb3 25. Nd1 Qc1 26. Qxb3 Rc6 27. Qd3 Qc4 28. Qh3 h5 29. Qh4+ Kd7 30. Rd2 b5 31. f5 gxf5 32. Qxh5 Rf8 33. Nf2 Qb4 34. Rfd1 Rc1 35. Qe2 Rc4 36. Nd3 Qa3 37. h3 Rfc8 38. Rb1 Kc6 39. Kh2 Qe7 40. Nb2 Rc3 41. Rxd4 Qc5 42. Rd3 Rc2 43. Rd2 Rc3 44. Nd1 Rc4 45. Ne3 Rc3 46. Nc2 Rc4 47. Qd1 b4 48. Nd4+ Kc7 49. a3 Qb6 50. axb4 axb4 51. Ra1 Kb8 52. Ra4 Kb7 53. Qh5 R8c7 54. Qh8 Rc8 55. Qf6 b3 56. Ra3 b2 57. Rxb2 Qxb2 58. Rb3+ Qxb3 59. Nxb3 R8c7 60. Na5+ Kb6 61. Nxc4+ dxc4 62. Qd8 c3 63. Qb8+ Kc6 64. Qb3 Kd7 65. Qd1+ Ke8 66. Qc2 Kf8 67. g3 Kg7 68. h4 Rc8 69. Kg2 Rc5 70. Kf2 Rc4 71. Ke2 Re4+ 72. Kd3 Rg4 73. Qf2 Re4 74. Kxc3 1-0

[Event "FICGS rapid M 000070 email"]
[Site "FICGS email"]
[Date "2014.01.28"]
[Round "1"]
[White "Dineen, Thomas"]
[Black "Skinner, Peter"]
[Result "1-0"]
[WhiteElo "2186"]
[BlackElo "2138"]
[PlyCount "81"]
[EventDate "2014.??.??"]
[EventType "tourn (rapid)"]
[EventRounds "6"]
[SourceTitle "Corr 2022"]
[Source "ChessBase"]
[SourceDate "2021.10.24"]
[SourceVersion "1"]
[SourceVersionDate "2021.10.24"]
[SourceQuality "1"]

1. d4 Nf6 2. c4 g6 3. Nc3 c5 4. d5 Bg7 5. e4 0-0 6. Nf3 d6 7. h3 a6 8. a4 e6 9. Bd3 exd5 10. cxd5 Nbd7 11. 0-0 Nh5 12. Re1 b6 13. Bg5 Bf6 14. Be3 Ne5 15. Be2 Nxf3+ 16. Bxf3 Ng7 17. Qd2 Be5 18. Bf4 f6 19. Rab1 g5 20. Bxe5 fxe5 21. Be2 a5 22. Rf1 Rf4 23. Qe3 Qf6 24. Ra1 Rh4 25. Ra3 Qh6 26. Nb5 Bd7 27. Rc1 Qg6 28. f3 Rf8 29. Bf1 Rhf4 30. Na7 Kh8 31. Bb5 Bxh3 32. gxh3 Nh5 33. Qe1 Rxf3 34. Rxf3 Rxf3 35. Rc3 g4 36. Bf1 Rf4 37. Nb5 gxh3+ 38. Kh1 Nf6 39. Bxh3 Nxe4 40. Re3 Ng5 41. Bg2 1-0

[Event "FICGS rapid M 000070 email"]
[Site "FICGS email"]
[Date "2014.01.28"]
[Round "1"]
[White "Dineen, Thomas"]
[Black "Wosch, Arkadiusz Janusz"]
[Result "1/2-1/2"]
[WhiteElo "2186"]
[BlackElo "2101"]
[PlyCount "75"]
[EventDate "2014.??.??"]
[EventType "tourn (rapid)"]
[EventRounds "6"]
[SourceTitle "Corr 2022"]
[Source "ChessBase"]
[SourceDate "2021.10.24"]
[SourceVersion "1"]
[SourceVersionDate "2021.10.24"]
[SourceQuality "1"]

1. d4 Nf6 2. c4 e6 3. Nc3 Bb4 4. e3 0-0 5. Bd3 d5 6. Nf3 c5 7. 0-0 Nc6 8. a3 Bxc3 9. bxc3 dxc4 10. Bxc4 Qc7 11. Bb5 a6 12. Bxc6 Qxc6 13. a4 cxd4 14. cxd4 Bd7 15. Ne5 Qc7 16. Ba3 Rfc8 17. Rc1 Qd8 18. Qb3 Rxc1 19. Rxc1 b5 20. axb5 axb5 21. Bc5 Ra4 22. Nd3 Be8 23. f3 h6 24. h3 Nd5 25. e4 Nb6 26. Qb2 Nc4 27. Qf2 f6 28. Rd1 Qa5 29. Qe1 Qxe1+ 30. Rxe1 g5 31. d5 exd5 32. exd5 Bf7 33. Nb4 Ne5 34. Rd1 Kg7 35. Kf2 h5 36. Bd6 Nc4 37. Be7 Nb6 38. Bc5 1/2-1/2

[Event "FICGS rapid M 000070 email"]
[Site "FICGS email"]
[Date "2014.01.28"]
[Round "1"]
[White "Kuster, Zeljko"]
[Black "Dineen, Thomas"]
[Result "1/2-1/2"]
[WhiteElo "2142"]
[BlackElo "2186"]
[PlyCount "80"]
[EventDate "2014.??.??"]
[EventType "tourn (rapid)"]
[EventRounds "6"]
[SourceTitle "Corr 2022"]
[Source "ChessBase"]
[SourceDate "2021.10.24"]
[SourceVersion "1"]
[SourceVersionDate "2021.10.24"]
[SourceQuality "1"]

1. b3 e5 2. Bb2 Nc6 3. e3 Nf6 4. c4 d5 5. cxd5 Nxd5 6. a3 Bd6 7. d3 0-0 8. Nd2 f5 9. Ngf3 Qe7 10. Nc4 Nb6 11. Nxd6 cxd6 12. Be2 Be6 13. 0-0 Rac8 14. Rc1 Nd5 15. b4 a6 16. Qd2 h6 17. h3 Rc7 18. Rc2 Qf7 19. Rfc1 Rfc8 20. Qe1 Nf6 21. Kh1 Bb3 22. Rc3 Ba4 23. e4 Qa2 24. Ba1 Qf7 25. Bd1 Bxd1 26. Rxd1 Qd7 27. Nh4 f4 28. Nf3 Ne7 29. Rxc7 Qxc7 30. Bb2 Qc2 31. Rd2 Qc6 32. Re2 Ng6 33. d4 Qc7 34. Qd1 Kh7 35. Kg1 b5 36. Qa1 Re8 37. Qb1 Qf7 38. Re1 Qc4 39. dxe5 dxe5 40. Qd1 Qe6 1/2-1/2

[Event "FICGS theme 0001 email"]
[Site "FICGS email"]
[Date "2013.12.23"]
[Round "1"]
[White "Dineen, Thomas"]
[Black "Carrizo, Jose Luis"]
[Result "1/2-1/2"]
[WhiteElo "2186"]
[BlackElo "1946"]
[PlyCount "140"]
[EventDate "2013.??.??"]
[EventType "swiss (corr)"]
[EventRounds "1"]
[SourceTitle "Corr 2022"]
[Source "ChessBase"]
[SourceDate "2021.10.24"]
[SourceVersion "1"]
[SourceVersionDate "2021.10.24"]
[SourceQuality "1"]

1. e4 e5 2. Nf3 Nc6 3. Bc4 Bc5 4. b4 Bxb4 5. c3 Ba5 6. d4 d6 7. Qb3 Qd7 8. dxe5 Bb6 9. Nbd2 dxe5 10. 0-0 Na5 11. Qb4 Nxc4 12. Nxc4 f6 13. a4 a5 14. Qb3 Bc5 15. Ncxe5 fxe5 16. Nxe5 Qe7 17. Qb5+ Kf8 18. Nd3 b6 19. Nxc5 bxc5 20. Ba3 Kf7 21. Qc6 Ra6 22. Qd5+ Re6 23. f4 Nf6 24. Qb3 Ke8 25. Qb8 Qd8 26. e5 Nd7 27. Qa8 Rf8 28. Qd5 Qe7 29. Qa8 Kf7 30. Qxa5 Rb6 31. c4 Kg8 32. Qc3 Qh4 33. a5 Rg6 34. Qf3 Nxe5 35. Qd5+ Nf7 36. Bxc5 Rd8 37. Rfe1 h5 38. Qe4 Re6 39. Bf2 Qf6 40. Qf3 Rde8 41. c5 Qf5 42. Rxe6 Rxe6 43. Qa8 Kh7 44. Qxc8 Re1+ 45. Bxe1 Qxc8 46. a6 Nd8 47. a7 Qa8 48. Bf2 Nc6 49. Be3 Kg6 50. h3 Kf5 51. g3 Ke4 52. Bf2 Kd3 53. Ra3+ Kc2 54. Ra4 Kb3 55. Ra1 Nb4 56. f5 c6 57. Ra5 Nd5 58. g4 hxg4 59. hxg4 Nc7 60. Bg3 Nb5 61. Bb8 Kb4 62. Ra1 Kxc5 63. g5 Kd5 64. Ra5 Ke4 65. Rxb5 cxb5 66. f6 Qd5 67. f7 Qxg5+ 68. Kh2 Qh5+ 69. Kg3 Qf3+ 70. Kh4 Qxf7 1/2-1/2

[Event "FICGS theme 0001 email"]
[Site "FICGS email"]
[Date "2013.12.02"]
[Round "1"]
[White "Niglio, Biagio"]
[Black "Dineen, Thomas"]
[Result "0-1"]
[WhiteElo "1640"]
[BlackElo "2186"]
[PlyCount "32"]
[EventDate "2013.??.??"]
[EventType "swiss (corr)"]
[EventRounds "1"]
[SourceTitle "Corr 2022"]
[Source "ChessBase"]
[SourceDate "2021.10.24"]
[SourceVersion "1"]
[SourceVersionDate "2021.10.24"]
[SourceQuality "1"]

1. e4 e5 2. Nf3 Nc6 3. Bc4 Bc5 4. b4 Bxb4 5. c3 Ba5 6. d4 exd4 7. 0-0 Nf6 8. Ba3 d6 9. e5 Ne4 10. Re1 d5 11. Bb5 dxc3 12. Bxc6+ bxc6 13. Qa4 Bb6 14. Re2 Bb7 15. Nd4 Qh4 16. g3 Qg4 0-1